Sports Quiz

Random Sports or NCAA Quiz

NCAA D-I Conferences Quiz Stats

 Plays Quiz Updated Jan 31, 2019

Support Sporcle.
Go Orange.
Score 0/41 Timer 06:00
3 Plays Today
Conference % Correct
Big Ten
97.3%
Big 12
93.5%
Southeastern
92.8%
Atlantic Coast
92.4%
Pacific-12
91.3%
Big East
71.2%
Mountain West
68.1%
Mid-American
67.2%
American Athletic
65.3%
Conference USA
55.2%
Sun Belt
50.3%
Western Athletic
49%
Ivy League
46.3%
Big Sky
41.9%
Atlantic 10
39.7%
Missouri Valley
36.8%
Patriot League
33.9%
Southern
33%
Big West
30.9%
Metro Atlantic Athletic
30.7%
Mid-Eastern Athletic
30%
Conference % Correct
West Coast
29.7%
Southwestern Athletic
28.7%
Big South
28.5%
Ohio Valley
28.1%
Horizon League
27.5%
Northeast
27.3%
Missouri Valley Football
24.4%
Colonial Athletic
21.9%
Southland
17.9%
America East
15.3%
Hockey East
15.2%
The Summit
13.1%
Atlantic Sun
11.6%
Western Collegiate
11.1%
National Collegiate
11%
Pioneer Football
7.9%
ECAC Hockey
6.1%
Atlantic Hockey
4.4%
Mountain Pacific Sports Federation
3.6%
College Hockey America
3.5%

From the Vault

Mystery Phrase Blitz: Countries

by bhenderson79

Geography 90s
We felt like your day needed a bit of extra mystery.
Remove Ads.
Support Sporcle.
Get the best of Sporcle when you Go Orange. This ad-free experience offers more features, more stats, and more fun while also helping to support Sporcle. Thank you for becoming a member.

Show Comments

Extras

Top Quizzes Today


Score Distribution

Your Account Isn't Verified!

In order to create a playlist on Sporcle, you need to verify the email address you used during registration. Go to your Sporcle Settings to finish the process.

Report this User

Report this user for behavior that violates our Community Guidelines.

Details: